[Event "Velammal 45th National A ch-IND"]
[Site "Chennai IND"]
[Date "2008.02.07"]
[Round "5"]
[White "Ganguly, S."]
[Black "Deepan, C."]
[Result "1-0"]
[WhiteElo "2579"]
[BlackElo "2491"]
[PlyCount "81"]
[EventDate "2008.02.03"]
[Source "www.chesslib.no"]
[SourceDate "2004.05.04"]

1. e4 c5 2. Nf3 d6 3. d4 cxd4 4. Nxd4 Nf6 5. Nc3 g6 6. Be3 Bg7 7. f3 O-O 8. Qd2 Nc6 9. O-O-O d5 10. exd5 Nxd5 11. Nxc6 bxc6 12. Bd4 e5 13. Bc5 Be6 14. Ne4 Re8 15. h4 Qc7 16. h5 Rad8 17. hxg6 hxg6 18. g3 Bf5 19. Bd3 Bxe4 20. fxe4 Nf6 21. Rh4 Nd7 22. Ba3 c5 23. Rdh1 Nb6 24. g4 f6 25. Qe3 c4 26. Be2 Kf7 27. g5 Rh8 28. Rxh8 Rxh8 29. Rf1 Rh4 30. Kb1 Rf4 31. gxf6 Bxf6 32. b3 cxb3 33. axb3 Qc6 34. Bf3 Qb5 35. Rd1 Be7 36. Bb2 Bc5 37. Qc3 Bd4 38. Rxd4 Qf1+ 39. Rd1 Qxf3 40. Qc7+ Kg8 41. Rd3 1-0

[Event "Jugoslavija (ch) 73/272"]
[Site "?"]
[Date "1998.??.??"]
[Round "?"]
[White "Popovic, Petar"]
[Black "Markovic, Miroslav"]
[Result "0-1"]
[WhiteElo "2525"]
[BlackElo "2540"]
[PlyCount "60"]
[EventDate "1998.??.??"]
[Source "ChessBase"]
[SourceDate "1998.06.01"]

1. e4 c5 2. Nf3 d6 3. d4 cxd4 4. Nxd4 Nf6 5. Nc3 g6 6. Be3 Bg7 7. f3 O-O 8. Qd2 Nc6 9. O-O-O d5 10. exd5 Nxd5 11. Nxc6 bxc6 12. Bd4 Bxd4 13. Qxd4 Qb6 14. Na4 Qa5 15. b3 Bf5 16. Qd2 Qc7 17. g4 Be6 18. Bd3 Rad8 19. Rhe1 c5 20. Kb2 c4 21. Be4 Nb6 22. Qb4 Nxa4+ 23. Qxa4 Rxd1 24. Rxd1 c3+ 25. Kb1 Rd8 26. Rc1 a5 27. a3 Qc5 28. Ka2 Qg5 29. Kb1 Qd2 30. h4 Rb8 0-1

[Event "Cienfuegos"]
[Site "?"]
[Date "1997.??.??"]
[Round "?"]
[White "Rodriguez, Am"]
[Black "Becerra Rivero, J."]
[Result "1/2-1/2"]
[WhiteElo "2555"]
[BlackElo "2510"]
[PlyCount "73"]
[EventDate "1997.??.??"]
[Source "ChessBase"]
[SourceDate "1997.02.01"]

1. e4 c5 2. Nf3 d6 3. d4 cxd4 4. Nxd4 Nf6 5. Nc3 g6 6. Be3 Bg7 7. f3 O-O 8. Qd2 Nc6 9. O-O-O d5 10. exd5 Nxd5 11. Nxc6 bxc6 12. Bd4 Bxd4 13. Qxd4 Qc7 14. Bc4 Nb6 15. Be2 Be6 16. g3 Rab8 17. Qc5 Qb7 18. b3 Nd5 19. Rd4 Rfc8 20. Na4 Bf5 21. Kb2 e5 22. Rd2 Re8 23. Rhd1 e4 24. fxe4 Rxe4 25. Nc3 Nxc3 26. Qxc3 Qb6 27. Bc4 Be6 28. Bxe6 Rxe6 29. Rd7 Rf8 30. R1d6 Rxd6 31. Rxd6 Rc8 32. h4 Qf2 33. Rf6 Qg2 34. Qe3 Qd5 35. c4 Qd7 36. Rf2 Re8 37. Qc3 1/2-1/2

[Event "Isle of Man"]
[Site "?"]
[Date "1996.??.??"]
[Round "?"]
[White "Brodsky, M."]
[Black "Hodgson, Ju"]
[Result "1-0"]
[WhiteElo "2510"]
[BlackElo "2550"]
[PlyCount "83"]
[EventDate "1996.??.??"]
[Source "ChessBase"]
[SourceDate "1996.10.01"]

1. e4 c5 2. Nf3 d6 3. d4 cxd4 4. Nxd4 Nf6 5. Nc3 g6 6. Be3 Bg7 7. f3 O-O 8. Qd2 Nc6 9. O-O-O d5 10. exd5 Nxd5 11. Nxc6 bxc6 12. Bd4 Bxd4 13. Qxd4 Qc7 14. Bc4 Nb6 15. Be2 c5 16. Nb5 Qc6 17. Qe5 Ba6 18. Nc3 Bxe2 19. Qxe2 Rab8 20. Qxe7 Nc4 21. b3 Rfe8 22. Nd5 Kg7 23. Qc7 Qxc7 24. Nxc7 Rec8 25. Nd5 Ne5 26. Rhe1 Re8 27. Re3 Nc6 28. Rc3 Nb4 29. Rxc5 Nxa2+ 30. Kb2 Nb4 31. Nc3 Re7 32. Rd2 Rb6 33. Rb5 Rxb5 34. Nxb5 h5 35. Kc3 a5 36. Kc4 h4 37. h3 g5 38. c3 Nc6 39. Nd6 Re5 40. Rd5 a4 41. bxa4 Na5+ 42. Kd4 1-0

[Event "Groningen op"]
[Site "Groningen"]
[Date "1995.??.??"]
[Round "?"]
[White "Korneev, Oleg"]
[Black "Summerscale, Aaron"]
[Result "1/2-1/2"]
[WhiteElo "2605"]
[BlackElo "2455"]
[PlyCount "116"]
[EventDate "1995.12.??"]
[Source "ChessBase"]

1. e4 c5 2. Nf3 d6 3. d4 cxd4 4. Nxd4 Nf6 5. Nc3 g6 6. Be3 Bg7 7. f3 O-O 8. Qd2 Nc6 9. O-O-O d5 10. exd5 Nxd5 11. Nxc6 bxc6 12. Bd4 Bxd4 13. Qxd4 Qb6 14. Na4 Qa5 15. b3 Bf5 16. Qc5 Qxc5 17. Nxc5 Nc3 18. Re1 Nxa2+ 19. Kb2 Nb4 20. Rxe7 Rfe8 21. Rxe8+ Rxe8 22. c3 Nd5 23. Ba6 Re3 24. Rc1 Nf4 25. g3 Ne2 26. Re1 Nxc3 27. Rxe3 Nd1+ 28. Kc1 Nxe3 29. Bb7 g5 30. Bxc6 g4 31. fxg4 Bxg4 32. Bb5 Bh3 33. Ne4 Nf1 34. Nf6+ Kh8 35. Bxf1 Bxf1 36. Kd2 Kg7 37. Nd5 Kg6 38. b4 Kg5 39. h4+ Kh5 40. Nf6+ Kg6 41. Nd5 Kh5 42. Ke3 Bc4 43. Nf6+ Kg6 44. Ne8 Bb5 45. Nd6 Bd7 46. Kd4 Kf6 47. Kc5 Ke6 48. Nb5 a6 49. Nd4+ Ke5 50. Nf3+ Kf6 51. Kd6 Be6 52. Nd4 h5 53. b5 axb5 54. Nxb5 Kf5 55. Nd4+ Kg4 56. Nxe6 fxe6 57. Kxe6 Kxg3 58. Kf5 Kxh4 1/2-1/2

[Event "Vrbas"]
[Site "Vrbas"]
[Date "1980.??.??"]
[Round "?"]
[White "Velimirovic, Dragoljub"]
[Black "Miles, Anthony J"]
[Result "1/2-1/2"]
[WhiteElo "2515"]
[BlackElo "2545"]
[PlyCount "87"]
[EventDate "1980.??.??"]
[Source "www.chesslib.no"]
[SourceDate "2004.05.04"]

1. e4 c5 2. Nf3 d6 3. d4 cxd4 4. Nxd4 Nf6 5. Nc3 g6 6. Be3 Bg7 7. f3 O-O 8. Qd2 Nc6 9. O-O-O d5 10. exd5 Nxd5 11. Nxc6 bxc6 12. Bd4 e5 13. Bc5 Re8 14. Ne4 f5 15. Nd6 Bf8 16. c4 Bxd6 17. Bxd6 Qxd6 18. cxd5 cxd5 19. Qxd5+ Qxd5 20. Rxd5 Be6 21. Rxe5 Rac8+ 22. Kd2 Red8+ 23. Ke3 Bxa2 24. Be2 Bc4 25. Re1 Kf7 26. f4 Bxe2 27. Rxe2 Rb8 28. Kf2 Rb7 29. g3 Rd3 30. R5e3 Rxe3 31. Kxe3 Re7+ 32. Kd3 Rxe2 33. Kxe2 Ke6 34. Ke3 Kd5 35. Kd3 Kc5 36. Kc3 Kb5 37. Kb3 h6 38. Kc3 a5 39. Kb3 a4+ 40. Ka3 g5 41. b3 axb3 42. fxg5 hxg5 43. Kxb3 Kc5 44. Kc3 1/2-1/2

[Event "Andorra"]
[Site "?"]
[Date "1994.??.??"]
[Round "?"]
[White "Psakhis, L."]
[Black "Komljenovic, D."]
[Result "1/2-1/2"]
[WhiteElo "2585"]
[BlackElo "2470"]
[PlyCount "74"]
[EventDate "1994.??.??"]
[Source "ChessBase"]
[SourceDate "1994.06.01"]

1. e4 c5 2. Nf3 d6 3. d4 cxd4 4. Nxd4 Nf6 5. Nc3 g6 6. Be3 Bg7 7. f3 O-O 8. Qd2 Nc6 9. O-O-O d5 10. exd5 Nxd5 11. Nxc6 bxc6 12. Bd4 e5 13. Bc5 Be6 14. Ne4 Re8 15. h4 h6 16. g4 Qc7 17. g5 h5 18. Bc4 Red8 19. Qf2 Nf4 20. Bxe6 Nxe6 21. Bd6 Qb6 22. Rd2 Rd7 23. Rhd1 Rad8 24. Qxb6 axb6 25. Be7 Rxd2 26. Rxd2 Ra8 27. Rd6 Nd4 28. a4 f5 29. gxf6 Bh6+ 30. Kb1 Rxa4 31. Rd8+ Kf7 32. b3 Ra7 33. Rh8 Nf5 34. Nd6+ Nxd6 35. Bxd6 Ke6 36. Rxh6 Kxd6 37. Rxg6 Rf7 1/2-1/2

[Event "Manresa op"]
[Site "Manresa"]
[Date "1996.??.??"]
[Round "5"]
[White "De la Riva Aguado, Oscar"]
[Black "Korneev, Oleg"]
[Result "1-0"]
[WhiteElo "2490"]
[BlackElo "2565"]
[PlyCount "74"]
[EventDate "1996.??.??"]
[Source "www.chesslib.no"]
[SourceDate "2004.05.04"]

1. e4 c5 2. Nf3 d6 3. d4 cxd4 4. Nxd4 Nf6 5. Nc3 g6 6. Be3 Bg7 7. f3 O-O 8. Qd2 Nc6 9. O-O-O d5 10. Qe1 e5 11. Nxc6 bxc6 12. exd5 Nxd5 13. Bc4 Be6 14. Ne4 Qc7 15. Bc5 Rfd8 16. Qh4 h6 17. g4 a5 18. g5 h5 19. Qf2 Rab8 20. a4 Qb7 21. b3 Nf4 22. Bxe6 Nxe6 23. Rxd8+ Rxd8 24. Rd1 Rd5 25. Ba3 Qd7 26. Re1 Nd4 27. Nc3 Qf5 28. Nxd5 cxd5 29. Rd1 Qxg5+ 30. Kb1 Qf4 31. Bb2 Nxf3 32. Rxd5 g5 33. Bc1 Qe4 34. Rxa5 g4 35. Rc5 h4 36. a5 g3 37. hxg3 hxg3 1-0

[Event "Velden op"]
[Site "Velden"]
[Date "1996.??.??"]
[Round "8"]
[White "Wahls, Matthias"]
[Black "Anagnostopoulos, Dimitri"]
[Result "1-0"]
[WhiteElo "2540"]
[BlackElo "2515"]
[PlyCount "103"]
[EventDate "1996.06.??"]
[Source "www.chesslib.no"]
[SourceDate "2004.05.04"]

1. e4 c5 2. Nf3 d6 3. d4 cxd4 4. Nxd4 Nf6 5. Nc3 g6 6. Be3 Bg7 7. f3 O-O 8. Qd2 Nc6 9. O-O-O d5 10. Kb1 Rb8 11. Ndb5 a6 12. Na7 e6 13. exd5 exd5 14. Na4 Be6 15. Nxc6 bxc6 16. Bd4 Nd7 17. Bxg7 Kxg7 18. h4 h5 19. Qd4+ Qf6 20. Bxa6 Qxd4 21. Rxd4 c5 22. Rf4 Rfe8 23. b3 f6 24. Nc3 Nb6 25. Bb5 Red8 26. Re1 d4 27. Rxe6 dxc3 28. Bd3 f5 29. Re1 Re8 30. Rg1 Kf6 31. a4 Ra8 32. Bb5 Red8 33. Re1 Rd2 34. Bc4 Rd6 35. Re3 Rd1+ 36. Ka2 Rd2 37. Rxc3 Rxg2 38. Re3 Rxc2+ 39. Ka3 Rxa4+ 40. bxa4 Rxc4 41. a5 Rxf4 42. axb6 Rd4 43. f4 Rxf4 44. b7 Rb4 45. Rb3 Rxb7 46. Rxb7 f4 47. Kb3 Kf5 48. Kc3 Ke4 49. Kd2 f3 50. Ke1 c4 51. Kf2 c3 52. Rc7 1-0

[Event "Minsk"]
[Site "?"]
[Date "2006.07.13"]
[Round "4"]
[White "Aveskulov Valeriy"]
[Black "Azarov Sergei"]
[Result "1/2-1/2"]
[WhiteElo "2471"]
[BlackElo "2579"]
[PlyCount "70"]
[EventDate "2006.??.??"]
[Source "www.chesslib.no"]
[SourceDate "2004.05.04"]

1. e4 c5 2. Nf3 d6 3. d4 cxd4 4. Nxd4 Nf6 5. Nc3 g6 6. Be3 Bg7 7. f3 O-O 8. Qd2 Nc6 9. O-O-O d5 10. exd5 Nxd5 11. Nxc6 bxc6 12. Bd4 e5 13. Bc5 Be6 14. Ne4 Re8 15. h4 h6 16. g4 Qc7 17. g5 h5 18. Bc4 Red8 19. Qf2 Nf4 20. Bxe6 Nxe6 21. Bd6 Qb6 22. Rd2 Qxf2 23. Rxf2 Rd7 24. c3 Rad8 25. Rd1 Nc5 26. Nxc5 Rxd6 27. Rxd6 Rxd6 28. Ne4 Rd5 29. Kc2 Kf8 30. f4 exf4 31. Rxf4 Ke7 32. b4 Ke6 33. Nc5+ Ke7 34. Ne4 Ke6 35. Nc5+ Ke7 1/2-1/2

[Event "Sanaa 82/196"]
[Site "?"]
[Date "2001.??.??"]
[Round "?"]
[White "Magomedov, M."]
[Black "Hakki, U."]
[Result "1/2-1/2"]
[WhiteElo "2608"]
[BlackElo "2440"]
[PlyCount "90"]
[EventDate "2001.??.??"]
[Source "Chess Informant"]
[SourceDate "2001.06.01"]

1. e4 c5 2. Nf3 d6 3. d4 cxd4 4. Nxd4 Nf6 5. Nc3 g6 6. Be3 Bg7 7. f3 O-O 8. Qd2 Nc6 9. O-O-O d5 10. exd5 Nxd5 11. Nxc6 bxc6 12. Bd4 e5 13. Bc5 Re8 14. Ne4 f5 15. Nd6 Bf8 16. Bb5 Bd7 17. c4 Bxd6 18. Bxd6 Qf6 19. c5 cxb5 20. Qxd5+ Be6 21. Qb7 Bxa2 22. Rhe1 Qf7 23. Qxb5 Bc4 24. Qb4 a5 25. Qc3 e4 26. fxe4 fxe4 27. Kb1 Bd3+ 28. Ka1 Qd5 29. h4 a4 30. h5 gxh5 31. Re3 Re6 32. Rg3+ Rg6 33. Rxg6+ hxg6 34. Rc1 Re8 35. Qf6 Qf7 36. Qd4 Ba6 37. c6 e3 38. c7 e2 39. Bb4 a3 40. bxa3 Kh7 41. Kb2 Bc8 42. a4 Qf5 43. Bc3 Qf7 44. Bb4 Qf5 45. Bc3 Qf7 1/2-1/2

[Event "Torneo Essent - Open"]
[Site "Hoogeveen OLA"]
[Date "2008.10.??"]
[Round "5"]
[White "Fier, Alexandr"]
[Black "Robson, Ray"]
[Result "1-0"]
[WhiteElo "2581"]
[BlackElo "2466"]
[PlyCount "89"]
[EventDate "2008.10.17"]
[Source "www.chesslib.no"]
[SourceDate "2004.05.04"]

1. e4 c5 2. Nf3 d6 3. d4 cxd4 4. Nxd4 Nf6 5. Nc3 g6 6. Be3 Bg7 7. f3 O-O 8. Qd2 Nc6 9. O-O-O d5 10. Kb1 Nxd4 11. e5 Nf5 12. exf6 Bxf6 13. Nxd5 Qxd5 14. Qxd5 Nxe3 15. Qd3 Nxd1 16. Qxd1 Bf5 17. Bc4 b5 18. Bb3 a5 19. g4 Rfd8 20. Qe2 Bd7 21. Bd5 Rab8 22. Rd1 a4 23. f4 b4 24. Bc4 e6 25. g5 Bg7 26. Rd6 Bf8 27. Rd3 Bc6 28. h4 Rxd3 29. Bxd3 Bg7 30. h5 Rd8 31. h6 Bh8 32. Qe3 Bd4 33. Qe1 Rb8 34. Qd2 Bc5 35. Qe2 Bd4 36. Bxg6 hxg6 37. Qc4 Be3 38. Qxc6 Bxf4 39. Qe4 e5 40. Qd5 Re8 41. Qd7 Ra8 42. Qe7 Bxg5 43. Qxg5 Kh7 44. Qxe5 Kxh6 45. Qf4+ 1-0

[Event "Cup 2004"]
[Site "Rabac"]
[Date "2004.??.??"]
[Round "3.1"]
[White "Varga, Zoltan"]
[Black "Cebalo, Miso"]
[Result "1/2-1/2"]
[WhiteElo "2564"]
[BlackElo "2482"]
[PlyCount "44"]
[EventDate "2004.05.20"]
[Source "Roberto Alvarez"]
[SourceDate "2004.06.07"]

1. e4 c5 2. Nf3 d6 3. d4 cxd4 4. Nxd4 Nf6 5. Nc3 g6 6. Be3 Bg7 7. f3 O-O 8. Qd2 Nc6 9. O-O-O Nxd4 10. Bxd4 Be6 11. Nd5 Bxd5 12. exd5 Qc7 13. g4 Rac8 14. c3 Qa5 15. g5 Nh5 16. Bxg7 Nxg7 17. Kb1 e5 18. dxe6 fxe6 19. Bh3 Rc6 20. Qe3 d5 21. Rd4 Qc7 22. f4 h5 1/2-1/2

[Event "ARM-ch 63rd"]
[Site "Yerevan"]
[Date "2003.09.16"]
[Round "1"]
[White "Asrian, Karen"]
[Black "Petrosian, Tigran L"]
[Result "1-0"]
[WhiteElo "2601"]
[BlackElo "2444"]
[PlyCount "75"]
[EventDate "2003.09.16"]
[Source "ChessBase"]
[SourceDate "2003.10.22"]

1. e4 c5 2. Nf3 d6 3. d4 cxd4 4. Nxd4 Nf6 5. Nc3 g6 6. Be3 Bg7 7. f3 O-O 8. Qd2 Nc6 9. O-O-O Nxd4 10. Bxd4 Be6 11. Kb1 Rc8 12. g4 Bc4 13. g5 Nh5 14. Bxg7 Nxg7 15. h4 Bxf1 16. Rhxf1 Nh5 17. f4 Qa5 18. Qd3 Rfe8 19. Nd5 e6 20. Nf6+ Nxf6 21. gxf6 Qh5 22. Qxd6 e5 23. fxe5 Qxe5 24. Qd2 Rc6 25. Qf2 Rb6 26. b3 h6 27. Qf4 Qxf4 28. Rxf4 Rbe6 29. c4 b6 30. Kc2 Rxe4 31. Rxe4 Rxe4 32. Rd8+ Kh7 33. Rf8 Rxh4 34. Rxf7+ Kh8 35. Kd3 Rh5 36. b4 a5 37. c5 bxc5 38. b5 1-0

[Event "Cannes op 18th"]
[Site "Cannes"]
[Date "1997.??.??"]
[Round "7"]
[White "Gallagher, Joseph G"]
[Black "Summerscale, Aaron"]
[Result "1-0"]
[WhiteElo "2545"]
[BlackElo "2500"]
[PlyCount "57"]
[EventDate "1997.02.22"]
[Source "ChessBase"]

1. e4 c5 2. Nf3 d6 3. d4 cxd4 4. Nxd4 Nf6 5. Nc3 g6 6. Be3 Bg7 7. f3 O-O 8. Qd2 Nc6 9. O-O-O Bd7 10. Kb1 Rc8 11. g4 Ne5 12. h4 b5 13. h5 Nxf3 14. Nxf3 Bxg4 15. Be2 b4 16. Nd5 Nxe4 17. Qxb4 Bf5 18. hxg6 e6 19. Nh4 fxg6 20. Nxf5 gxf5 21. Nf4 Rb8 22. Bb5 Qe8 23. a4 a6 24. Nh5 Be5 25. Rdg1+ Kh8 26. Nf4 Bxf4 27. Bxf4 axb5 28. Bxd6 Nxd6 29. Rxh7+ 1-0

[Event "Tan Cup"]
[Site "Beijing"]
[Date "1995.??.??"]
[Round "6"]
[White "Liang Jinrong"]
[Black "Alterman, Boris"]
[Result "0-1"]
[WhiteElo "2450"]
[BlackElo "2595"]
[PlyCount "110"]
[EventDate "1995.08.??"]
[Source "ChessBase"]

1. e4 c5 2. Nf3 d6 3. d4 cxd4 4. Nxd4 Nf6 5. Nc3 g6 6. Be3 Bg7 7. f3 O-O 8. Qd2 Nc6 9. O-O-O d5 10. Qe1 e5 11. Nxc6 bxc6 12. exd5 Nxd5 13. Bc4 Be6 14. Ne4 Qc7 15. Bc5 Rfd8 16. g4 Nf4 17. Bxe6 Nxe6 18. Qe3 Rd5 19. c4 Rxc5 20. Nxc5 Qb6 21. b4 Qxb4 22. Nxe6 Qxc4+ 23. Kd2 Qxa2+ 24. Ke1 Qxe6 25. Kf2 Bf6 26. Rd2 Bd8 27. Kg2 Bb6 28. Qe4 Bd4 29. Rc2 Rc8 30. Rb1 c5 31. Rb5 Kg7 32. Qb7 h5 33. Qe4 hxg4 34. Qxg4 Qxg4+ 35. fxg4 c4 36. g5 c3 37. Kf3 Rc4 38. Rb7 Bb6 39. Re7 Rf4+ 40. Ke2 Bd4 41. Kd3 Rg4 42. Rc1 Rxg5 43. Rf1 Rf5 44. Rxf5 gxf5 45. Rc7 a5 46. Rc6 f4 47. h4 f3 48. h5 f2 49. h6+ Kh8 50. Ke2 Kh7 51. Ra6 c2 52. Rc6 a4 53. Rxc2 a3 54. Ra2 Bb2 55. Kxf2 Kxh6 0-1

[Event "New York op"]
[Site "New York"]
[Date "1997.??.??"]
[Round "9"]
[White "De Firmian, Nick E"]
[Black "Ashley, Maurice"]
[Result "0-1"]
[WhiteElo "2575"]
[BlackElo "2465"]
[PlyCount "82"]
[EventDate "1997.04.02"]
[Source "www.chesslib.no"]
[SourceDate "2004.05.04"]

1. e4 c5 2. Nf3 d6 3. d4 cxd4 4. Nxd4 Nf6 5. Nc3 g6 6. Be3 Bg7 7. f3 O-O 8. Qd2 Nc6 9. O-O-O d5 10. exd5 Nxd5 11. Nxc6 bxc6 12. Bd4 e5 13. Bc5 Be6 14. Ne4 Rb8 15. Bc4 Qc8 16. Bb3 Rd8 17. h4 Qa6 18. Kb1 Rd7 19. h5 Rbd8 20. hxg6 Nc3+ 21. bxc3 Rxd2 22. Rxd2 Rxd2 23. Bxe6 fxe6 24. gxh7+ Kh8 25. Nxd2 Qb5+ 26. Nb3 a5 27. a4 Qxa4 28. Bb6 Qb5 29. Bxa5 c5 30. c4 Qxc4 31. Bb6 e4 32. Bxc5 Qc3 33. Kc1 e3 34. Bxe3 Qxe3+ 35. Kb1 Qf2 36. Rd1 Qxg2 37. Rd3 Qg1+ 38. Ka2 Qa7+ 39. Kb1 Kxh7 40. Kc1 Kg6 41. Kd1 Qf2 0-1

[Event "9. Mirko Srajber Memorial"]
[Site "?"]
[Date "2005.12.05"]
[Round "6"]
[White "Lupulescu Constantin"]
[Black "Cebalo Miso"]
[Result "1/2-1/2"]
[WhiteElo "2528"]
[BlackElo "2512"]
[PlyCount "63"]
[EventDate "2005.??.??"]
[Source "www.chesslib.no"]
[SourceDate "2004.05.04"]

1. e4 c5 2. Nf3 d6 3. d4 cxd4 4. Nxd4 Nf6 5. Nc3 g6 6. Be3 Bg7 7. f3 O-O 8. Qd2 Nc6 9. O-O-O d5 10. exd5 Nxd5 11. Nxc6 bxc6 12. Bd4 e5 13. Bc5 Be6 14. Ne4 Re8 15. h4 h6 16. g4 Qc7 17. g5 h5 18. Qf2 Red8 19. Bc4 Nf4 20. Bxe6 Nxe6 21. a3 Qb7 22. Rxd8+ Rxd8 23. Bxa7 Bf8 24. Qb6 Qc8 25. Rd1 Rxd1+ 26. Kxd1 Nd4 27. Qb8 Qf5 28. Bxd4 Qxf3+ 29. Kd2 Qf4+ 30. Kd3 Qf1+ 31. Kd2 Qf4+ 32. Kd3 1/2-1/2

[Event "III Campionato Ue"]
[Site "Arvier ITA"]
[Date "2007.06.21"]
[Round "7.2"]
[White "Luther, Thomas"]
[Black "Vocaturo, Daniele"]
[Result "1/2-1/2"]
[WhiteElo "2586"]
[BlackElo "2450"]
[PlyCount "39"]
[EventDate "2007.06.15"]
[Source "www.chesslib.no"]
[SourceDate "2004.05.04"]

1. e4 c5 2. Nf3 d6 3. d4 cxd4 4. Nxd4 Nf6 5. Nc3 g6 6. Be3 Bg7 7. f3 O-O 8. Qd2 Nc6 9. O-O-O d5 10. exd5 Nxd5 11. Nxc6 bxc6 12. Bd4 e5 13. Bc5 Re8 14. Ne4 Qc7 15. Bc4 Rd8 16. g4 Be6 17. Qf2 Nf4 18. Bxe6 Nxe6 19. Bd6 Qb6 20. Qxb6 1/2-1/2

[Event "Minsk"]
[Site "Minsk"]
[Date "1995.??.??"]
[Round "4"]
[White "Korneev, Oleg"]
[Black "Fedorov, Alexei"]
[Result "1/2-1/2"]
[WhiteElo "2540"]
[BlackElo "2495"]
[PlyCount "75"]
[EventDate "1995.??.??"]
[Source "ChessBase"]

1. e4 c5 2. Nf3 d6 3. d4 cxd4 4. Nxd4 Nf6 5. Nc3 g6 6. Be3 Bg7 7. f3 O-O 8. Qd2 Nc6 9. O-O-O d5 10. Qe1 e6 11. h4 Qe7 12. h5 dxe4 13. hxg6 fxg6 14. Nxe4 Nxe4 15. fxe4 Bd7 16. Nf3 Ne5 17. Nxe5 Bxe5 18. Qa5 b5 19. Kb1 Bc6 20. Bd3 Rfd8 21. a3 Qb7 22. Rd2 Rd7 23. Rhd1 Re8 24. Qb4 a6 25. Qc5 Bg7 26. g3 Rf7 27. Bd4 Bxd4 28. Qxd4 e5 29. Qe3 Qa7 30. Qxa7 Rxa7 31. c4 Kg7 32. cxb5 axb5 33. Rc1 Re6 34. Rdc2 Rd7 35. Rxc6 Rxc6 36. Rxc6 Rxd3 37. Rc7+ Kh6 38. Rc3 1/2-1/2

[Event "Jiri Pelikan Memorial A"]
[Site "CAPA email"]
[Date "1997.??.??"]
[Round "?"]
[White "Alvarez, Roberto Gabriel"]
[Black "Johnson, Maurice W"]
[Result "1-0"]
[WhiteElo "2405"]
[BlackElo "2630"]
[PlyCount "113"]
[EventDate "1997.??.??"]
[Source "www.chesslib.no"]
[SourceDate "2004.05.04"]

1. e4 c5 2. Nf3 d6 3. d4 cxd4 4. Nxd4 Nf6 5. Nc3 g6 6. Be3 Bg7 7. f3 O-O 8. Qd2 Nc6 9. O-O-O d5 10. Qe1 e5 11. Nxc6 bxc6 12. exd5 Nxd5 13. Bc4 Be6 14. Ne4 Qc7 15. Bc5 Rfd8 16. g4 Nf4 17. Bxe6 Nxe6 18. Bd6 Qb6 19. g5 Nd4 20. Qf1 Rd7 21. Bc5 Qa5 22. Kb1 Rb7 23. c3 Ne6 24. Qc4 Rd8 25. Be3 Rdb8 26. b3 Qb5 27. Nd6 Qxc4 28. Nxc4 Rc7 29. Kc2 Rb5 30. Nd6 Rd5 31. Ne4 Kf8 32. a4 Ke7 33. b4 Rb7 34. Rb1 f5 35. gxf6+ Bxf6 36. Rhd1 Bh4 37. b5 Rxd1 38. Kxd1 Kd7 39. Kc2 Be7 40. Rb3 g5 41. Rb1 cxb5 42. Rxb5 Rxb5 43. axb5 Nc7 44. c4 a6 45. bxa6 Nxa6 46. Bxg5 Bxg5 47. Nxg5 h5 48. Kd2 Nc5 49. Ke3 Ke7 50. Ne4 Ne6 51. Ng3 Ng7 52. Ke4 Ke6 53. h4 Ne8 54. Kd3 Nd6 55. c5 Nb7 56. Kc4 Nd8 57. Kb5 1-0

[Event "Bucuresti"]
[Site "Bucuresti"]
[Date "2003.??.??"]
[Round "?"]
[White "Lupulescu, C."]
[Black "Golubev, M."]
[Result "1-0"]
[WhiteElo "2499"]
[BlackElo "2536"]
[PlyCount "115"]
[EventDate "2003.??.??"]
[Source "Chess Informant"]
[SourceDate "2003.10.01"]

1. e4 c5 2. Nf3 d6 3. d4 cxd4 4. Nxd4 Nf6 5. Nc3 g6 6. Be3 Bg7 7. f3 O-O 8. Qd2 Nc6 9. O-O-O d5 10. exd5 Nxd5 11. Nxc6 bxc6 12. Bd4 e5 13. Bc5 Be6 14. Ne4 Re8 15. h4 h6 16. g4 Qc7 17. g5 h5 18. Bc4 Red8 19. Qf2 Qb7 20. Rhe1 Kh7 21. b3 Qc7 22. a4 Bf5 23. Ba3 Rd7 24. Rd2 Rad8 25. Red1 Qb6 26. Qe1 Qc7 27. Bb2 Bxe4 28. Qxe4 Qd6 29. Rd3 Qc5 30. Kb1 a5 31. Qe1 Rb7 32. Bxd5 Rxd5 33. Rxd5 cxd5 34. Bxe5 Re7 35. f4 f6 36. Qc3 Qxc3 37. Bxc3 fxg5 38. Bxg7 Kxg7 39. fxg5 Re4 40. Rxd5 Rxh4 41. Rxa5 Rg4 42. Re5 h4 43. Kb2 Kf7 44. a5 h3 45. Re3 h2 46. Rh3 Rxg5 47. Rxh2 Rxa5 48. b4 Re5 49. Kb3 g5 50. Kc4 g4 51. b5 Ke7 52. Rh7+ Kd6 53. Rh6+ Kc7 54. Rg6 Re4+ 55. Kc5 Re5+ 56. Kb4 Re4+ 57. c4 Rf4 58. b6+ 1-0

[Event "FRA Team Ch"]
[Site "France"]
[Date "1990.??.??"]
[Round "?"]
[White "Sax, Gyula"]
[Black "Koch, Jean-Rene"]
[Result "1/2-1/2"]
[WhiteElo "2605"]
[BlackElo "2425"]
[PlyCount "46"]
[EventDate "1990.??.??"]
[Source "www.chesslib.no"]
[SourceDate "2004.05.04"]

1. e4 c5 2. Nf3 d6 3. d4 cxd4 4. Nxd4 Nf6 5. Nc3 g6 6. Be3 Bg7 7. f3 O-O 8. Qd2 Nc6 9. O-O-O d5 10. Qe1 e5 11. Nxc6 bxc6 12. exd5 Nxd5 13. Bc4 Be6 14. Ne4 Qb8 15. Bc5 Rd8 16. Qh4 h6 17. Rd3 Qc7 18. Rhd1 f5 19. Be7 Rdc8 20. Bxd5 cxd5 21. Rc3 Qa5 22. Ra3 Qc7 23. Rc3 Qa5 1/2-1/2

[Event "East Kilbridge Open"]
[Site "East Kilbridge"]
[Date "1996.??.??"]
[Round "3"]
[White "Rowson, Jonathan"]
[Black "Hodgson, Julian M"]
[Result "1/2-1/2"]
[WhiteElo "2415"]
[BlackElo "2615"]
[PlyCount "59"]
[EventDate "1996.??.??"]
[Source "www.chesslib.no"]
[SourceDate "2004.05.04"]

1. e4 c5 2. Nf3 d6 3. d4 cxd4 4. Nxd4 Nf6 5. Nc3 g6 6. Be3 Bg7 7. f3 O-O 8. Qd2 Nc6 9. O-O-O d5 10. exd5 Nxd5 11. Nxc6 bxc6 12. Nxd5 cxd5 13. Qxd5 Qc7 14. Qc5 Qb7 15. Qa3 Qc7 16. Kb1 Rb8 17. Bc1 Bf5 18. Bd3 Rxb2+ 19. Bxb2 Rb8 20. Qb3 Be6 21. c4 Rxb3 22. axb3 a5 23. Bxg7 Kxg7 24. Kc2 a4 25. Ra1 axb3+ 26. Kxb3 Qb8+ 27. Kc2 Qb4 28. g3 Bxc4 29. Bxc4 Qxc4+ 30. Kd2 1/2-1/2

[Event "Saint Martin"]
[Site "?"]
[Date "1992.??.??"]
[Round "?"]
[White "Gurevich, I."]
[Black "Petursson, M."]
[Result "1-0"]
[WhiteElo "2475"]
[BlackElo "2555"]
[PlyCount "77"]
[EventDate "1992.??.??"]
[Source "ChessBase"]
[SourceDate "1992.02.01"]

1. e4 c5 2. Nf3 d6 3. d4 cxd4 4. Nxd4 Nf6 5. Nc3 g6 6. Be3 Bg7 7. f3 O-O 8. Qd2 Nc6 9. O-O-O d5 10. exd5 Nxd5 11. Nxc6 bxc6 12. Bd4 Nxc3 13. Qxc3 Bh6+ 14. Be3 Bxe3+ 15. Qxe3 Qb6 16. Qxe7 Be6 17. Qf6 Rfd8 18. Bd3 Bxa2 19. Rhe1 Rab8 20. h4 Qa5 21. Re5 Bd5 22. h5 Qa1+ 23. Kd2 Qxb2 24. hxg6 fxg6 25. Bxg6 Bf7+ 26. Ke3 Qxe5+ 27. Qxe5 Re8 28. Bxf7+ Kxf7 29. Rd7+ Kf8 30. Kf4 Rb4+ 31. Kf5 Rxe5+ 32. Kxe5 h5 33. Rxa7 Rc4 34. Kf6 Ke8 35. Re7+ Kd8 36. Re2 h4 37. Kg5 Kd7 38. f4 Kd6 39. Rf2 1-0

[Event "BL 0607 TV Tegernsee - SF Berlin"]
[Site "Germania"]
[Date "2007.03.31"]
[Round "14.4"]
[White "Sokolov, Andrei"]
[Black "Berndt, Stephan"]
[Result "1/2-1/2"]
[WhiteElo "2580"]
[BlackElo "2445"]
[PlyCount "97"]
[EventDate "2006.10.28"]
[Source "www.chesslib.no"]
[SourceDate "2004.05.04"]

1. e4 c5 2. Nf3 d6 3. d4 cxd4 4. Nxd4 Nf6 5. Nc3 g6 6. Be3 Bg7 7. f3 O-O 8. Qd2 Nc6 9. O-O-O d5 10. exd5 Nxd5 11. Nxc6 bxc6 12. Bd4 e5 13. Bc5 Be6 14. Ne4 Re8 15. Bc4 Qc7 16. g4 h6 17. g5 hxg5 18. h4 gxh4 19. Rxh4 Nf4 20. Rdh1 Bxc4 21. Qh2 f6 22. Nd6 Qxd6 23. Bxd6 Kf7 24. Rh7 Rg8 25. Qf2 g5 26. b3 Bd5 27. Rd1 Kg6 28. Rhh1 a5 29. a4 Rh8 30. Rxh8 Rxh8 31. c4 Be6 32. Bc7 Bf5 33. Bxa5 Nd3+ 34. Rxd3 Bxd3 35. Bc3 Rh1+ 36. Kb2 Rb1+ 37. Ka2 Rc1 38. Bb2 Bb1+ 39. Ka1 Rd1 40. Qe2 Bc2+ 41. Ka2 Bb1+ 42. Ka1 Bc2+ 43. Ka2 Bb1+ 44. Ka1 Bc2+ 45. Bc1 Bxb3 46. Qe4+ Kh6 47. Qxc6 Rxc1+ 48. Kb2 Rxc4 49. Qb5 1/2-1/2